000
00320nam a22001337a 4500
020
_a
978-8176353137
041
_a
ENG
100
_a
Ulrich.L
245
_a
Sams Teach Yourself Microself Microsoft Office 2000 In 21 Days
260
_a
Delhi
_b
Techmedia
_c
1998
300
_a
668
650
_a
Computer
856
_u
Computer
999
_c
752
_d
752